00224nam a22000857a 4500008004100000100002300041245002400064260004000088300001000128240529b |||||||| |||| 00| 0 eng d aMatiyani, Shailesh aDo Dukho Ka Ek Sukh aAIlahabad:bKitab Mahal Pub;c1966. a254p.